| 000 -LEADER |
| fixed length control field |
00723nam a2200217Ia 4500 |
| 020 ## - INTERNATIONAL STANDARD BOOK NUMBER |
| ISBN |
9251054363 |
| 040 ## - CATALOGING SOURCE |
| Transcribing agency |
OLA |
| 082 ## - DEWEY DECIMAL CLASSIFICATION NUMBER |
| Classification number |
639 FOO 2005 A083 Or. |
| 100 1# - MAIN ENTRY--AUTHOR NAME |
| Personal name |
Hern©Łndez Serrano, Pilar |
| 245 10 - TITLE STATEMENT |
| Title |
Responsible use of antibiotics aquaculture / |
| 260 ## - PUBLICATION, DISTRIBUTION, ETC. (IMPRINT) |
| Place of publication |
Rome, Italy : |
| Name of publisher |
Food and Agriculture Organization of the United Nations, |
| Year of publication |
2005 |
| 300 ## - PHYSICAL DESCRIPTION |
| Number of Pages |
x, 97 p. ; |
| Dimensions |
28 cm |
| 650 #0 - SUBJECT ADDED ENTRY--TOPICAL TERM |
| Topical Term |
Aquacultural biotechnology |
| 650 #0 - SUBJECT ADDED ENTRY--TOPICAL TERM |
| Topical Term |
Antibiotics |
| 650 #0 - SUBJECT ADDED ENTRY--TOPICAL TERM |
| Topical Term |
Antibiotics |
| 650 #0 - SUBJECT ADDED ENTRY--TOPICAL TERM |
| Topical Term |
Antibiotics in animal nutrition |
| 650 #0 - SUBJECT ADDED ENTRY--TOPICAL TERM |
| Topical Term |
Antibiotics in agriculture |
| 710 2# - ADDED ENTRY--CORPORATE NAME |
| Corporate name or jurisdiction name as entry element |
Food and Agriculture Organization of the United Nations |
| 856 11 - ELECTRONIC LOCATION AND ACCESS |
| Uniform Resource Identifier |
ftp://ftp.fao.org/docrep/fao/009/a0282e/a0282e00.pdf |
| 942 ## - ADDED ENTRY ELEMENTS (KOHA) |
| Koha item type |
សៀវភៅភាសាអង់គ្លេស |
| 952 ## - LOCATION AND ITEM INFORMATION (KOHA) |
| Withdrawn status [LOCAL, KOHA] |
0 |